000
00314nam a2200121Ia 4500
008
190902s9999||||xx |||||||||||||| ||und||
020
_a
978-969-407-391-0
100
_a
Adolph Matz
245
0
_a
Cost Accounting Planning and Control
260
_a
New Delhi
_b
Cengage Learning
_c
2013
300
_a
899
942
_c
BK
999
_c
2826
_d
2826